000 00941 a2200205 4500
001 41861
005 20260407155709.0
008 260407a1962 arg spa d
003 AR-UNSa-BCEJYS
040 _aAR-UNSa-BCEJYS
_bspa
_cAR-UNSa-BCEJYS
080 _a167
_xInvestigación científica
245 1 0 _aLa lógica de la investigación científica
264 1 _aMadrid :
_bTecnos
_c1962
300 _a451 p.
_c23 cm.
505 _a1. Panorama de algunos problemas fundamentales - 2. Sobre el problema de una teoría del método científico - 3. Teorías - 4. La falsabilidad - 5. El problema de la base empírica - 6. Grados de contrastabilidad - 7. La sencillez - 8. La probabilidad - 9. Algunas observaciones sobre la teoría cuántica - 10. La corroboración. o de qué forma sale indemne de la contrastación una teoría
041 _aspa
942 _cBK
590 _aniveau_biblio:m niveau_hierar:0
100 1 _aPopper, Karl R.
999 _c3537
_d3537